Oratio anniversaria in theatro Collegii Regalis Medicorum Londinensium; ex Harvæi instituto, habita die 18⁰ Octobris, 1737.

Bibliographic Details
Main Author: Monro, James, 1680-1752
Format: eBook
Language:Latin
Published: Londini : Apud Geo. Strahan, 1737.
Series:Eighteenth century collections online.
Online Access:Full text online

MARC

Tag First Indicator Second Indicator Subfields
LEADER 00000cam a2200000 4500
001 in00001867621
006 m | d |
007 cr |n||||||||n
008 790922s1737 enk|||| s 00||||lat d
005 20260406220626.3
035 |a (CStRLIN)ESTCT59336 
040 |a Uk-ES  |c Uk-ES  |d Cu-RivES  |d CStRLIN  |d Thomson Gale  |d UtOrBLW 
100 1 |a Monro, James,  |d 1680-1752. 
245 1 0 |a Oratio anniversaria in theatro Collegii Regalis Medicorum Londinensium; ex Harvæi instituto, habita die 18⁰ Octobris, 1737. 
264 1 |a Londini :  |b Apud Geo. Strahan,  |c 1737. 
300 |a 6 unnumbered pages, 26p. ;  |c 4⁰. 
336 |a text  |b txt  |2 rdacontent 
337 |a computer  |b c  |2 rdamedia 
338 |a online resource  |b cr  |2 rdacarrier 
500 |a With a half-title. 
500 |a Dedication leaf signed: Jacobus Monro. 
500 |a Reproduction of original from the British Library. 
510 4 |a English Short Title Catalog,  |c ESTCT59336. 
533 |a Electronic reproduction.  |b Farmington Hills, Mich. :  |c Thomson Gale,  |d 2003.  |n Available via the World Wide Web.  |n Access limited by licensing agreements  |7 s2003 miunns 
500 |a Electronic resource. 
830 0 |a Eighteenth century collections online. 
856 4 0 |u http://proxy.library.tamu.edu/login?url=https://galenet.galegroup.com/servlet/ECCO?c=1&stp=Author&ste=11&af=BN&ae=T059336&tiPG=1&dd=0&dc=flc&docNum=CW108600062&vrsn=1.0&srchtp=a&d4=0.33&n=10&SU=0LRM&locID=txshracd2898  |z Full text online  |t 0 
999 |a MARS 
999 f f |s 364ee2a3-fb85-3e40-baa5-304667012d2e  |i 1efd4bb7-36a5-3b08-b32d-0fdec235107c  |t 0 
952 f f |a Texas A&M University  |b College Station  |c Electronic Resources  |s www_evans  |d Available Online  |t 0  |h No information provided 
998 f f |t 0  |l Available Online